| 000 | 00450nam a22001457a 4500 | ||
|---|---|---|---|
| 082 |
_a551.2295491 _bRAJ |
||
| 110 |
_aLt Col Talat Zia Raja _940620 |
||
| 245 |
_aWhen The Land Trembles _cLt Col Talat Zia Raja |
||
| 250 | _avolumn1. | ||
| 260 |
_aLahore : _bPilot Educational Products Hasan Plaza, Urdu Bazar Lahore. _c2000. |
||
| 300 |
_a204p.: _bill,; _c15 cm. |
||
| 526 |
_a0 _b0 _c0 _d551_229549100000000_RAJ |
||
| 650 |
_aMCE _9379 |
||
| 942 |
_2ddc _cBK |
||
| 999 |
_c544873 _d544873 |
||